000 00934nam0a2200241 4500
001 RU\NLR\BIBL_A\011729802
005 20260406065014.0
035 _a(NLR Aleph) 011729802
090 _a13417246
_c13417246
100 _a20180609d1950 |||y0rusy50 ca
101 0 _achv
102 _aRU
105 _ay z 000 y
200 1 _aЧăн-чăн этем çинчен çырнă повесть
_dПовесть о настоящем человеке
_fБ. Полевой
_gЛ. Агаповпа А. Артемьев куçарнă
210 _aШупашкар
_cЧăваш АССР Гос. изд-ви
_d1950
215 _a327,[1] с.
_d22
300 _aТит. л. парал. чув., рус.
686 1 _aШ6(2=Чув.) 91(Р) 7-4
700 1 _8rus
_7ca
_aПолевой
_bБ. Н.
_f1908-1981
_gБорис Николаевич
_3RU\NLR\AUTH\7724483
_97534
852 _aNLR
_bОНЛ
_jЧув./3-819
942 _cBOOK
980 _aNB